Vnímanie sponzoringu očami mladého spotrebiteľa

Vplyv sponzoringu na ovplyvňovanie postojov slovenských spotrebiteľov. Predpoklad pozitívneho postoja respondentov v oblasti sponzoringu športu a kultúry. Dotazníkový prieskum respondentov (N=75) vo veku 18 až 30 rokov. Vysoká pozitívna akceptácia a taktiež i silná potreba vedeckého a sociálneho sp...

Descrizione completa

Salvato in:
Dettagli Bibliografici
Autore principale: Rubaninská, Kamila
Natura: Capitolo di libro
Lingua:slovacco
Soggetti:
Tags: Aggiungi Tag
Nessun Tag, puoi essere il primo ad aggiungerne!!

MARC

LEADER 00000nla$a2200000$$$4500
001 0069493
005 20240522080555.2
041 0 |a slo 
044 |a SK 
245 1 0 |a Vnímanie sponzoringu očami mladého spotrebiteľa  |c Kamila Rubaninská 
520 |a Vplyv sponzoringu na ovplyvňovanie postojov slovenských spotrebiteľov. Predpoklad pozitívneho postoja respondentov v oblasti sponzoringu športu a kultúry. Dotazníkový prieskum respondentov (N=75) vo veku 18 až 30 rokov. Vysoká pozitívna akceptácia a taktiež i silná potreba vedeckého a sociálneho sponzoringu. Práve tieto formy označili respondenti za veľmi dôležité a podľa ich vlastného názoru i viac uznávané ako klasické nástroje. 
610 2 0 |a sponzorovanie 
610 2 0 |a firmy 
610 2 0 |a spotrebitelia 
610 2 0 |a dotazníky 
610 2 0 |a komunikácia marketingová 
100 1 |a Rubaninská, Kamila